La perfección del yoga

Guardat en:
Dades bibliogràfiques
Autors principals: A.C. Bhaktivedanta Swami Prabhupada, 1896-1977 (autor), Srila Prabhupada (Autor)
Format: Llibre
Idioma:espanyol
Publicat: s.l The Bhaktivedanta Book Trust International 1997
Edició:4a. ed
Matèries:
Etiquetes: Afegir etiqueta
Sense etiquetes, Sigues el primer a etiquetar aquest registre!

MARC

LEADER 00000nam a2200000 a 4500
001 UCL5496
003 CL-VaPUC
008 040312e19970000sp |||||||||||||||||spa|d
020 |a 8439853939 
082 0 4 |a 294.54  |b ACB  |2 21 
100 |a A.C. Bhaktivedanta Swami Prabhupada,  |d 1896-1977  |e autor  |9 567919 
700 0 |a Srila Prabhupada  |e author  |9 483187 
245 1 3 |a La perfección del yoga 
250 |a 4a. ed 
300 |a 57 p 
942 |c BK 
945 |d 20040312 00:00:00  |a cmena 
260 |a s.l  |b The Bhaktivedanta Book Trust International  |c 1997 
650 0 |a Filosofía hindú  |9 431231 
650 7 |a MITOLOGIA HINDU  |2 CL-VaPUC  |9 483188 
650 0 |a Yoga   |9 312609 
583 |a last modification  |c 20171214 02:06:12  |k Rodrigo Vera 
999 |c 308031  |d 308029 
952 |0 0  |1 0  |4 0  |6 294_540000000000000_ACB_1997  |7 0  |8 A  |9 374242  |a BIBEDU  |b BIBEDU  |d 2019-11-21  |i 3905365  |o 294.54 ACB 1997  |p 3905365  |r 2022-01-17  |w 2019-11-21  |y BK  |k MUS 
952 |0 0  |1 0  |4 0  |6 294_540000000000000_ACB_1997  |7 0  |8 A  |9 374243  |a BIBEDU  |b BIBEDU  |d 2019-11-21  |i 3905357  |o 294.54 ACB 1997  |p 3905357  |r 2022-01-17  |w 2019-11-21  |y BK  |k MUS